Statistiken für Top 15 Länder mit Covid-19-Todesfällen - 18. Mai

Klicken Sie hier um das Quiz zu spielen!

Allgemein

  • Dieses Quiz wurde 12 mal gespielt
  • Das Durchschnittsergebnis liegt bei 17 aus 21

Antwortstatistiken

Land% Korrekt
China
100%
Deutschland
100%
Italien
100%
Spanien
100%
Vereinigte Staaten
100%
Frankreich
92%
Kanada
92%
Mexiko
92%
Brasilien
83%
Türkei
83%
Belgien
75%
Iran
75%
Niederlande
75%
Schweden
75%
Schweden
75%
Vereinigtes Königreich
75%
Portugal
67%
Schweiz
67%
Irland
58%
Dänemark
50%
Ecuador
25%

Verteilung der Resultate

Perzentil nach korrekt beantworteten Fragen

Anzahl Personen mit jedem Resultat

Ihre Resultats-Entwicklung

Sie haben dieses Quiz noch nicht gespielt